000 00275nam a22001217a 4500
008 170527b xxu||||| |||| 00| 0 eng d
041 _aGER
080 _a621.3
100 _a25
101 _aIM
245 _aANALYSE TECHNISCHER SYSTEME
_cMACFARLANE, A.G.J
942 _2udc
_cBK
999 _c14640
_d14640